Soft Skills (Record no. 93974)

MARC details
000 -LEADER
fixed length control field 00580nam a2200205Ia 4500
005 - DATE AND TIME OF LATEST TRANSACTION
control field 20251121144317.0
008 - FIXED-LENGTH DATA ELEMENTS--GENERAL INFORMATION
fixed length control field 230125s9999 xx 000 0 und d
020 ## - INTERNATIONAL STANDARD BOOK NUMBER
International Standard Book Number 978-81265-5639-7
041 ## - LANGUAGE CODE
Language code of text/sound track or separate title eng
082 ## - DEWEY DECIMAL CLASSIFICATION NUMBER
Classification number 158.1
Item number CHA
100 ## - MAIN ENTRY--PERSONAL NAME
Author Chauhan G S
245 ## - TITLE STATEMENT
Title Soft Skills
Remainder of title An Integrated Approach To Maximise Personality
260 ## - PUBLICATION, DISTRIBUTION, ETC.
Date of publication, distribution, etc. 2016
Name of publisher, distributor, etc. Wiley India (p) Ltd
Place of publication, distribution, etc. New Delhi
300 ## - PHYSICAL DESCRIPTION
Extent 244p
500 ## - GENERAL NOTE
Keywords Personality Development
650 ## - SUBJECT ADDED ENTRY--TOPICAL TERM
Topical term or geographic name entry element Personality Development
700 ## - ADDED ENTRY--PERSONAL NAME
Personal name Chauhan G S & Sharma S
942 ## - ADDED ENTRY ELEMENTS (KOHA)
Koha item type Books
906 ## - LOCAL DATA ELEMENT F, LDF (RLIN)
b 111.72
Holdings
Withdrawn status Lost status Damaged status Not for loan Home library Current library Date acquired Vendor Net Price Bill number Total Checkouts Total Renewals Full call number Barcode Date last seen Date last checked out Actual Price Bill Date Koha item type Original Barcode
        Smt. Hiraben Nanavati Institute of Management & Research for Women Smt. Hiraben Nanavati Institute of Management & Research for Women 03/03/2016 Pritam Book Centre 399.00 9823 3 2 158.1 CHA B14030 HIMR-BK-14030 12/09/2025 11/09/2025 287.28 03/03/2016 Books B14030